Geografía por Imágenes- C - Estadísticas

Estadísticas generales
  • Esta prueba ha sido intentada 5.908 veces
  • La puntuación promedio es 12 de 18
Estadísticas de respuestas
Imagen Hint Respuesta % Correcto
país Chipre
96%
monumento Coliseo
95%
país Cuba
95%
país China
92%
estado California
89%
región Cataluña
88%
obra de ingeniería Canal
87%
"mar" Mar {Caspio}
83%
país Canadá
76%
monumento {Chichén} Itzá
71%
accidente geográfico Cañón
67%
país Croacia
62%
ciudad Chicago
61%
isla Creta
50%
ciudad Córdoba
40%
ciudad Copenhague
38%
ciudad Ciudad del Cabo
25%
ciudad china Chengdú
16%
No se encontraron pruebas coincidentes
Distribución de puntuación
Porcentaje de gente con cada puntuación
Porcentaje por número respondido
Historial de tus puntuaciones
No has intentado esta prueba.